000 00429nam a22001817a 4500
005 20230530125510.0
008 230524b |||||||| |||| 00| 0 eng d
020 _a019515598X
082 _a621.8
_bUIC-T
100 _aUicker:Jhon.J
245 _aTheory of Machine and Mechanisms
250 _a3rd ed.
260 _aIndia
_bOxford
_c2003
300 _a709
650 _aEngineering
700 _aJhon;J.Uicker
999 _c18512
_d18512